[Event "GMA World Cup qual f"]
[Site "Moscow URS"]
[Date "1990.??.??"]
[Round "11"]
[White "Eingorn, Viacheslav"]
[Black "Dorfman, Josif"]
[Result "1/2-1/2"]
[WhiteElo "2570"]
[BlackElo "2595"]
[EventDate "1990.05.??"]
[PlyCount "131"]

1.d4 d5 2.c4 c6 3.Nf3 Nf6 4.cxd5 cxd5 5.Nc3 Nc6 6.Bf4 Ne4 7.e3 Nxc3 8.bxc3
g6 9.Ne5 Qa5 10.Qb3 Bg7 11.Nxc6 bxc6 12.a3 e5 13.dxe5 O-O 14.Bd3 c5 15.Qc2
c4 16.Be2 Bf5 17.Qd2 Rab8 18.O-O Rb3 19.Rfd1 Qxc3 20.Qxd5 Be6 21.Qd4 Qc2 
22.Re1 Qb2 23.Bd1 Rbb8 24.Re2 Qb6 25.Bc2 Qa5 26.e4 Rfd8 27.Qe3 Bxe5 28.
Bxe5 Qxe5 29.Rc1 Qa5 30.f4 c3 31.f5 Bc4 32.Rf2 Qxa3 33.e5 Rd2 34.Re1 Re8 
35.e6 Bxe6 36.Rxd2 cxd2 37.Qxd2 Qc5+ 38.Qf2 Qxf2+ 39.Kxf2 Bd7 40.fxg6 hxg6
41.Ra1 Bb5 42.Bd1 a6 43.h4 Re5 44.Ra5 Kg7 45.g4 Re4 46.Bf3 Rb4 47.Ke3 f6 
48.Ra1 Rb3+ 49.Kf2 Rc3 50.Bb7 Rc7 51.Be4 f5 52.gxf5 gxf5 53.Bf3 Kf6 54.Rd1
Rd7 55.Re1 Rd4 56.Rh1 Rd2+ 57.Kg3 Rd3 58.Rc1 a5 59.Kf2 Rd2+ 60.Ke1 Rb2 61.
Bc6 Bxc6 62.Rxc6+ Kg7 63.Rc5 a4 64.Ra5 Ra2 65.Rxf5 a3 66.Ra5 1/2-1/2

[Event "GMA World Cup qual f"]
[Site "Moscow URS"]
[Date "1990.??.??"]
[Round "11"]
[White "Hulak, Krunoslav"]
[Black "Tukmakov, Vladimir"]
[Result "1/2-1/2"]
[WhiteElo "2560"]
[BlackElo "2570"]
[EventDate "1990.05.??"]
[PlyCount "26"]

1.Nf3 Nf6 2.g3 b6 3.c4 c5 4.Bg2 Bb7 5.Nc3 g6 6.b3 Bg7 7.Bb2 O-O 8.O-O e6 
9.e3 d5 10.d4 Nc6 11.Qe2 Qe7 12.Rfd1 Rfd8 13.Rac1 Rac8 1/2-1/2

[Event "GMA World Cup qual f"]
[Site "Moscow URS"]
[Date "1990.??.??"]
[Round "11"]
[White "Spraggett, Kevin"]
[Black "Akopian, Vladimir"]
[Result "0-1"]
[WhiteElo "2555"]
[BlackElo "2550"]
[EventDate "1990.05.??"]
[PlyCount "66"]

1.c4 e5 2.Nc3 Nf6 3.Nf3 Nc6 4.d3 g6 5.g3 Bg7 6.Bg2 O-O 7.O-O d6 8.e4 Nh5 
9.Bg5 f6 10.Be3 f5 11.exf5 Bxf5 12.h3 Nf6 13.d4 exd4 14.Nxd4 Nxd4 15.Bxd4 
c6 16.Qd2 Qa5 17.Rfd1 Rae8 18.b3 Bc8 19.Rac1 Qh5 20.h4 Bh6 21.Qb2 Ng4 22.
Ne4 Ne5 23.Nxd6 Bxc1 24.Rxc1 Nd3 25.Qc3 Nxc1 26.Qxc1 Re2 27.Nxc8 Rxc8 28.
Qf4 Qf5 29.Qh6 Rc7 30.Bxa7 Rf7 31.Be3 Rxa2 32.b4 Qb1+ 33.Kh2 Qxb4 0-1

[Event "GMA World Cup qual f"]
[Site "Moscow URS"]
[Date "1990.??.??"]
[Round "11"]
[White "Miles, Anthony John"]
[Black "King, Daniel John"]
[Result "1-0"]
[WhiteElo "2580"]
[BlackElo "2515"]
[EventDate "1990.05.??"]
[PlyCount "53"]

1.g3 g6 2.Bg2 Bg7 3.c4 e5 4.Nc3 f5 5.d4 e4 6.g4 Nc6 7.gxf5 gxf5 8.Nh3 Bxd4
9.Nd5 d6 10.Bg5 Qd7 11.e3 Bxb2 12.Rb1 Bg7 13.Qh5+ Kf8 14.f3 Nce7 15.fxe4 
Nxd5 16.cxd5 Bc3+ 17.Ke2 Qf7 18.Qxf7+ Kxf7 19.Rhc1 Ba5 20.Rb5 Bb6 21.Rxb6 
axb6 22.Rxc7+ Ke8 23.Bf3 h5 24.Nf4 Bd7 25.Bxh5+ Rxh5 26.Nxh5 Kf7 27.exf5 
1-0

[Event "GMA World Cup qual f"]
[Site "Moscow URS"]
[Date "1990.??.??"]
[Round "11"]
[White "Timoschenko, Gennady"]
[Black "Makarichev, Sergei"]
[Result "1/2-1/2"]
[WhiteElo "2505"]
[BlackElo "2510"]
[EventDate "1990.05.??"]
[PlyCount "44"]

1.d4 f5 2.g3 Nf6 3.Bg2 e6 4.c4 Be7 5.Nf3 O-O 6.O-O d5 7.b3 Bd7 8.Bb2 Be8 
9.Nbd2 Ne4 10.Ne1 Nxd2 11.Qxd2 c6 12.Nd3 Nd7 13.a4 a5 14.e3 Bf7 15.cxd5 
exd5 16.Ba3 Bxa3 17.Rxa3 Qe7 18.Ra2 Qd6 19.Rb1 Ra7 20.b4 axb4 21.Rxb4 Rfa8
22.Qc1 f4 1/2-1/2

[Event "GMA World Cup qual f"]
[Site "Moscow URS"]
[Date "1990.??.??"]
[Round "11"]
[White "Pigusov, Evgeny"]
[Black "Naumkin, Igor"]
[Result "1/2-1/2"]
[WhiteElo "2545"]
[BlackElo "2455"]
[EventDate "1990.05.??"]
[PlyCount "21"]

1.Nf3 Nf6 2.g3 b6 3.Bg2 Bb7 4.O-O e6 5.d4 Be7 6.c4 O-O 7.Nc3 Ne4 8.Nxe4 
Bxe4 9.Ne1 Bxg2 10.Nxg2 d5 11.Qa4 1/2-1/2